| 000 | 00778nam a2200205 a 4500 | ||
|---|---|---|---|
| 001 | 000021092 | ||
| 005 | 20240412074250.0 | ||
| 008 | 100831s2003 dr 000 0 spa d | ||
| 040 |
_aDO-SdBNP _bspa _cBNPHU |
||
| 082 |
_aRD861.44 _bR173v |
||
| 100 | 1 |
_aAltagracia Ramírez, Marino, _d1969- _944105 |
|
| 245 | 1 | 0 |
_aVida y sueño de un artista campesino / _cMarino Altagracia Ramírez. |
| 260 |
_aSan Pedro de Macorís, República Dominicana : _bEditora 23, _c2003. |
||
| 300 |
_a61 p. ; _c21 cm. |
||
| 505 | 0 |
_tHistorias y consejos de acontecimientos que pasan en la vida real -- _tPoemas de un artista campesino. |
|
| 590 | _aInventariado, 2018/BT | ||
| 650 | 0 |
_aPoesía dominicana _966 |
|
| 650 | 0 |
_aLiteratura dominicana. _967 |
|
| 910 | _aValidado. Control de la calidad. EMS | ||
| 999 |
_c20594 _d20594 |
||